00458nam a22001577a 450000500170000001000150001702000260003203500130005803700130007110000170008424500510010126000350015227000670018730000270025450000190028120130619153632.0 aENG-107673 a9789380502519c880.00 aEN-91206 bDBAD/PUB aJasjit Singh aIndian aircraft industry /cby Jasjit Singhb  aNew DelhibKW Publishersc2011 a4676/2, First Floor, Ansari Road, DaryaganjbNew Delhie110002 axviii,293p. c24cm(Hb) aIncludes index